[Event "Figueira 2023"]
[Site "?"]
[Date "2023.11.09"]
[Round "6.1"]
[White "Safarli, Eltaj"]
[Black "Prraneeth, Vuppala"]
[Result "1/2-1/2"]
[BlackElo "2512"]
[WhiteElo "2610"]
[LiveChessVersion "1.4.8"]

1. e4 {[%clk 1:30:56]} c5 {[%clk 1:27:59]} 2. Nf3 {[%clk 1:31:17]} d6
{[%clk 1:28:07]} 3. Nc3 {[%clk 1:31:36]} Nf6 {[%clk 1:28:23]} 4. Bb5+
{[%clk 1:31:59]} Bd7 {[%clk 1:22:34]} 5. Qe2 {[%clk 1:32:05]} a6 {[%clk 1:16:46]}
6. Bxd7+ {[%clk 1:32:09]} Qxd7 {[%clk 1:17:02]} 7. d4 {[%clk 1:32:06]} cxd4
{[%clk 1:13:37]} 8. Nxd4 {[%clk 1:32:30]} Nc6 {[%clk 1:13:58]} 9. Nxc6
{[%clk 1:32:31]} Qxc6 {[%clk 1:11:09]} 10. Bg5 {[%clk 1:32:49]} Nd7
{[%clk 1:00:58]} 11. O-O-O {[%clk 1:28:44]} h6 {[%clk 0:59:53]} 12. Be3
{[%clk 1:23:39]} e6 {[%clk 0:58:13]} 13. f4 {[%clk 1:18:48]} Be7 {[%clk 0:53:53]}
14. Bd4 {[%clk 1:16:19]} O-O {[%clk 0:43:57]} 15. Kb1 {[%clk 1:07:50]} b5
{[%clk 0:41:34]} 16. Nd5 {[%clk 1:01:12]} Rfe8 {[%clk 0:37:37]} 17. Nxe7+
{[%clk 0:50:51]} Rxe7 {[%clk 0:38:05]} 18. Bf2 {[%clk 0:46:49]} Nc5
{[%clk 0:31:04]} 19. Bxc5 {[%clk 0:44:21]} Qxc5 {[%clk 0:24:16]} 20. Rd3
{[%clk 0:44:25]} Rc7 {[%clk 0:23:31]} 21. Rhd1 {[%clk 0:36:44]} 1/2-1/2

[Event "Figueira 2023"]
[Site "?"]
[Date "2023.11.09"]
[Round "6.2"]
[White "Kaczmarek, Aleksander"]
[Black "Albornoz Cabrera, Carlos Daniel"]
[Result "0-1"]
[BlackElo "2585"]
[WhiteElo "2331"]
[LiveChessVersion "1.4.8"]

1. e4 c5 2. Nf3 d6 3. d4 cxd4 4. Nxd4 Nf6 5. Nc3 a6 6. Bd3 g6 7. f3 Qb6 8. a3 Nc6
9. Nxc6 bxc6 10. Qe2 Bg7 11. Nd1 O-O 12. Be3 Qc7 13. c4 Nd7 14. O-O Ne5 15. Kh1
a5 16. Rc1 Rb8 17. Bd2 c5 18. Bc3 Nc6 19. Qf2 Qb6 20. f4 Bxc3 21. Rxc3 f5 22. Qh4
e6 23. exf5 exf5 24. Be2 Nd4 25. Bf3 Be6 26. Rf2 Rbe8 27. Rd2 Nxf3 28. gxf3 Bc8
29. Rcd3 Re6 30. Kg2 Ba6 31. Ne3 Bb7 32. Qg5 Qc6 33. Nd5 Qd7 34. Ne3 Qc6 35. Nd5
Qd7 36. Ne3 Bc6 37. Kf2 Qg7 38. Rxd6 Rxd6 39. Rxd6 Qxb2+ 40. Kg3 Qb7 41. Re6 Qd7
42. Re7 Qd6 43. Qh4 h6 44. Ng2 g5 45. Qh5 Qxe7 46. Qg6+ Qg7 47. Qxc6 Kh8 48. Qxc5
Rg8 49. Qf2 g4 50. Ne3 Qc3 51. fxg4 Re8 52. Kf3 fxg4+ 53. Ke2 Qxc4+ 54. Ke1 Qc3+
55. Ke2 Qb2+ 56. Kf1 Qc1+ 57. Ke2 Qxa3 0-1

[Event "Figueira 2023"]
[Site "?"]
[Date "2023.11.09"]
[Round "6.3"]
[White "Lalit, Babu M R"]
[Black "Bernadskiy, Vitaliy"]
[Result "1-0"]
[BlackElo "2546"]
[WhiteElo "2533"]
[LiveChessVersion "1.4.8"]

1. d4 {[%clk 1:30:54]} d5 {[%clk 1:30:20]} 2. Nf3 {[%clk 1:31:16]} c5
{[%clk 1:30:32]} 3. c4 {[%clk 1:30:53]} cxd4 {[%clk 1:30:56]} 4. cxd5
{[%clk 1:21:30]} Nf6 {[%clk 1:31:19]} 5. Qxd4 {[%clk 1:20:13]} Qxd5
{[%clk 1:31:43]} 6. Nc3 {[%clk 1:19:31]} Qxd4 {[%clk 1:32:07]} 7. Nxd4
{[%clk 1:19:58]} a6 {[%clk 1:32:31]} 8. g3 {[%clk 1:20:06]} e5 {[%clk 1:32:56]}
9. Nb3 {[%clk 1:20:05]} Bd7 {[%clk 1:27:23]} 10. Bg2 {[%clk 1:08:52]} Bc6
{[%clk 1:27:33]} 11. O-O {[%clk 1:09:14]} Bb4 {[%clk 1:27:29]} 12. Bd2
{[%clk 1:08:35]} Bxg2 {[%clk 1:26:13]} 13. Kxg2 {[%clk 1:09:00]} Nc6
{[%clk 1:25:46]} 14. Rac1 {[%clk 1:07:09]} h6 {[%clk 1:14:47]} 15. a3
{[%clk 1:06:40]} Bxc3 {[%clk 1:13:00]} 16. Bxc3 {[%clk 1:03:32]} Ke7
{[%clk 1:12:43]} 17. Nc5 {[%clk 1:01:16]} Rab8 {[%clk 1:10:12]} 18. Rfd1
{[%clk 0:57:22]} a5 {[%clk 0:46:22]} 19. f4 {[%clk 0:54:38]} exf4
{[%clk 0:37:25]} 20. gxf4 {[%clk 0:38:26]} Rhd8 {[%clk 0:32:16]} 21. Rxd8
{[%clk 0:37:31]} Kxd8 {[%clk 0:29:16]} 22. Rd1+ {[%clk 0:37:01]} Kc7
{[%clk 0:29:17]} 23. Bxf6 {[%clk 0:36:00]} gxf6 {[%clk 0:29:38]} 24. Rd7+
{[%clk 0:36:24]} Kb6 {[%clk 0:29:44]} 25. Ne4 {[%clk 0:36:13]} Re8
{[%clk 0:21:10]} 26. Nc3 {[%clk 0:30:12]} Kc5 {[%clk 0:20:05]} 27. Rxb7
{[%clk 0:19:37]} Re7 {[%clk 0:20:16]} 28. Rxe7 {[%clk 0:18:28]} Nxe7
{[%clk 0:20:37]} 29. Ne4+ {[%clk 0:18:56]} Kd4 {[%clk 0:19:26]} 30. Kf3
{[%clk 0:18:54]} f5 {[%clk 0:15:41]} 31. Nd6 {[%clk 0:10:10]} f6 {[%clk 0:16:07]}
32. a4 {[%clk 0:07:39]} Kc5 {[%clk 0:15:59]} 33. Ne8 {[%clk 0:03:36]} Kb4
{[%clk 0:14:16]} 34. Nxf6 {[%clk 0:03:50]} Kxa4 {[%clk 0:14:36]} 35. e4
{[%clk 0:04:11]} Kb3 {[%clk 0:14:17]} 36. Nd5 {[%clk 0:04:30]} Kxb2
{[%clk 0:03:38]} 37. Nxe7 {[%clk 0:03:27]} fxe4+ {[%clk 0:04:05]} 38. Kf2
{[%clk 0:03:25]} a4 {[%clk 0:04:01]} 39. f5 {[%clk 0:03:36]} a3 {[%clk 0:04:26]}
40. f6 {[%clk 0:34:04]} a2 {[%clk 0:34:15]} 41. f7 {[%clk 0:34:29]} a1=Q
{[%clk 0:33:06]} 42. f8=Q {[%clk 0:34:52]} Qa7+ {[%clk 0:30:14]} 43. Kg2
{[%clk 0:33:39]} e3 {[%clk 0:29:17]} 44. Kf3 {[%clk 0:28:58]} Qc5
{[%clk 0:23:46]} 45. Qf6+ {[%clk 0:27:47]} Ka2 {[%clk 0:19:57]} 46. Qe6+
{[%clk 0:27:50]} 1-0

[Event "Figueira 2023"]
[Site "?"]
[Date "2023.11.09"]
[Round "6.4"]
[White "Janik, Igor"]
[Black "Spraggett, Kevin"]
[Result "1-0"]
[BlackElo "2480"]
[WhiteElo "2501"]
[LiveChessVersion "1.4.8"]

1. d4 {[%clk 1:30:59]} Nf6 {[%clk 1:30:49]} 2. Nf3 {[%clk 1:31:20]} d6
{[%clk 1:27:53]} 3. g3 {[%clk 1:27:23]} g6 {[%clk 1:26:48]} 4. Bg2
{[%clk 1:27:23]} Bg7 {[%clk 1:27:12]} 5. c4 {[%clk 1:26:39]} O-O {[%clk 1:27:22]}
6. Nc3 {[%clk 1:27:05]} Nbd7 {[%clk 1:27:03]} 7. O-O {[%clk 1:27:27]} e5
{[%clk 1:27:24]} 8. Qc2 {[%clk 1:27:21]} Re8 {[%clk 1:26:42]} 9. Rd1
{[%clk 1:27:26]} c6 {[%clk 1:23:49]} 10. e4 {[%clk 1:21:38]} exd4
{[%clk 1:20:22]} 11. Nxd4 {[%clk 1:21:21]} Qe7 {[%clk 1:20:34]} 12. Bf4
{[%clk 1:12:02]} Ne5 {[%clk 1:16:29]} 13. b3 {[%clk 1:09:12]} a5 {[%clk 1:07:31]}
14. h3 {[%clk 1:01:18]} Nfd7 {[%clk 0:58:38]} 15. Be3 {[%clk 0:58:51]} Nc5
{[%clk 0:59:01]} 16. f4 {[%clk 0:58:53]} Ned7 {[%clk 0:59:28]} 17. Bf2
{[%clk 0:58:01]} h5 {[%clk 0:54:40]} 18. Re1 {[%clk 0:43:30]} Na6
{[%clk 0:54:26]} 19. a3 {[%clk 0:37:42]} Ndc5 {[%clk 0:54:18]} 20. Rad1
{[%clk 0:37:06]} Bd7 {[%clk 0:50:55]} 21. Nf3 {[%clk 0:25:13]} Rad8
{[%clk 0:42:17]} 22. Bd4 {[%clk 0:25:22]} Bxd4+ {[%clk 0:42:29]} 23. Rxd4
{[%clk 0:23:51]} Bc8 {[%clk 0:30:25]} 24. Rd2 {[%clk 0:19:33]} Qf6
{[%clk 0:29:13]} 25. Qb2 {[%clk 0:17:10]} Qg7 {[%clk 0:22:28]} 26. b4
{[%clk 0:16:20]} axb4 {[%clk 0:21:31]} 27. axb4 {[%clk 0:16:48]} Ne6
{[%clk 0:21:38]} 28. h4 {[%clk 0:13:52]} Nf8 {[%clk 0:18:34]} 29. Red1
{[%clk 0:12:27]} Rd7 {[%clk 0:18:24]} 30. Qb3 {[%clk 0:08:20]} Qf6
{[%clk 0:06:57]} 31. Bh3 {[%clk 0:07:32]} Ne6 {[%clk 0:07:21]} 32. Rxd6
{[%clk 0:04:32]} Rxd6 {[%clk 0:07:23]} 33. Rxd6 {[%clk 0:05:00]} Qe7
{[%clk 0:07:36]} 34. e5 {[%clk 0:05:16]} Nec5 {[%clk 0:07:25]} 35. bxc5
{[%clk 0:05:35]} Bxh3 {[%clk 0:07:50]} 36. Ne4 {[%clk 0:05:46]} Ra8
{[%clk 0:04:43]} 37. Nd4 {[%clk 0:04:30]} Qc7 {[%clk 0:03:47]} 38. Qb6
{[%clk 0:03:22]} Kg7 {[%clk 0:03:18]} 39. Ng5 {[%clk 0:02:49]} Bg4
{[%clk 0:03:14]} 40. e6 {[%clk 0:32:49]} Qxb6 {[%clk 0:33:15]} 41. cxb6
{[%clk 0:33:16]} Nc5 {[%clk 0:33:35]} 42. exf7 {[%clk 0:31:17]} Ra1+
{[%clk 0:15:09]} 43. Kf2 {[%clk 0:29:36]} Ra2+ {[%clk 0:15:30]} 44. Ke3
{[%clk 0:27:17]} 1-0

[Event "Figueira 2023"]
[Site "?"]
[Date "2023.11.09"]
[Round "6.5"]
[White "Ghosh, Diptayan"]
[Black "Mehar, Chinna Reddy C.H."]
[Result "0-1"]
[BlackElo "2366"]
[WhiteElo "2570"]
[LiveChessVersion "1.4.8"]

1. d4 d5 2. c4 c6 3. Nf3 Nf6 4. Nc3 e6 5. g3 Nbd7 6. Bg2 dxc4 7. O-O b5 8. e4 Bb7
9. e5 Nd5 10. Ng5 h6 11. Nxe6 fxe6 12. Qh5+ Ke7 13. Ne4 Qe8 14. Bg5+ hxg5 15.
Qxh8 Kd8 16. Nxg5 Kc7 17. Qh3 Kb6 18. Nxe6 Bc8 19. Bxd5 cxd5 20. Nf4 Kc6 21. a4
bxa4 22. Qg2 Nb6 23. Rxa4 Qf7 24. Raa1 g5 25. e6 Qf5 26. Rfe1 Bg7 27. e7 Bd7 28.
Ne2 Re8 29. Nc3 Bxd4 30. Rxa7 Qf7 31. Ra6 Bc8 32. Ra7 Bh3 0-1

[Event "Figueira 2023"]
[Site "?"]
[Date "2023.11.09"]
[Round "6.6"]
[White "Audi, Ameya"]
[Black "Grigoryan, Karen H."]
[Result "0-1"]
[BlackElo "2646"]
[WhiteElo "2371"]
[LiveChessVersion "1.4.8"]

1. e4 {[%clk 1:30:56]} e5 {[%clk 1:29:04]} 2. Nf3 {[%clk 1:31:18]} Nc6
{[%clk 1:29:27]} 3. Bc4 {[%clk 1:31:30]} Bc5 {[%clk 1:29:30]} 4. c3
{[%clk 1:31:06]} Nf6 {[%clk 1:29:50]} 5. d3 {[%clk 1:31:31]} d6 {[%clk 1:29:08]}
6. O-O {[%clk 1:31:27]} a6 {[%clk 1:28:10]} 7. a4 {[%clk 1:31:52]} Ba7
{[%clk 1:28:16]} 8. Be3 {[%clk 1:29:05]} Bxe3 {[%clk 1:26:56]} 9. fxe3
{[%clk 1:29:31]} O-O {[%clk 1:27:13]} 10. Nbd2 {[%clk 1:26:48]} Ne7
{[%clk 1:21:11]} 11. d4 {[%clk 1:16:20]} Ng6 {[%clk 1:20:46]} 12. a5
{[%clk 1:16:40]} h6 {[%clk 1:18:46]} 13. Qb3 {[%clk 1:01:08]} Qe7
{[%clk 1:14:30]} 14. Rae1 {[%clk 0:57:04]} Bd7 {[%clk 1:05:31]} 15. h3
{[%clk 0:54:44]} Bc6 {[%clk 1:02:06]} 16. Qc2 {[%clk 0:49:10]} Rae8
{[%clk 0:52:30]} 17. b4 {[%clk 0:49:34]} Bb5 {[%clk 0:49:21]} 18. Be2
{[%clk 0:43:54]} Bxe2 {[%clk 0:48:03]} 19. Rxe2 {[%clk 0:44:21]} c6
{[%clk 0:47:37]} 20. Ree1 {[%clk 0:32:02]} d5 {[%clk 0:36:39]} 21. exd5
{[%clk 0:30:44]} cxd5 {[%clk 0:36:37]} 22. e4 {[%clk 0:30:48]} Qc7
{[%clk 0:35:04]} 23. dxe5 {[%clk 0:24:27]} Nxe5 {[%clk 0:34:22]} 24. Nd4
{[%clk 0:24:02]} Nc4 {[%clk 0:29:09]} 25. Nf5 {[%clk 0:17:09]} Nxd2
{[%clk 0:25:59]} 26. Qxd2 {[%clk 0:17:31]} Nxe4 {[%clk 0:24:47]} 27. Qxd5
{[%clk 0:17:57]} Re5 {[%clk 0:17:14]} 28. Qd3 {[%clk 0:14:36]} Rfe8
{[%clk 0:15:22]} 29. Re3 {[%clk 0:13:04]} f6 {[%clk 0:08:11]} 30. Rd1
{[%clk 0:09:18]} h5 {[%clk 0:05:30]} 31. Rf3 {[%clk 0:05:41]} Ng5
{[%clk 0:03:56]} 32. Rf2 {[%clk 0:04:59]} Ne4 {[%clk 0:01:36]} 33. Rf3
{[%clk 0:05:24]} Rc8 {[%clk 0:01:33]} 34. c4 {[%clk 0:03:15]} Qxc4
{[%clk 0:00:45]} 35. Qxc4+ {[%clk 0:03:27]} Rxc4 {[%clk 0:01:11]} 36. Rd8+
{[%clk 0:03:54]} Kh7 {[%clk 0:01:04]} 37. Rd7 {[%clk 0:04:21]} Ng5
{[%clk 0:01:04]} 38. Rf1 {[%clk 0:03:42]} Ne6 {[%clk 0:00:34]} 39. Rxb7
{[%clk 0:03:53]} Kg6 {[%clk 0:00:34]} 40. Nd6 {[%clk 0:31:18]} Rc2
{[%clk 0:30:36]} 41. Kh1 {[%clk 0:25:32]} Rg5 {[%clk 0:26:17]} 42. b5
{[%clk 0:13:58]} Rgxg2 {[%clk 0:03:33]} 43. Rg1 {[%clk 0:14:23]} Rxg1+
{[%clk 0:03:58]} 44. Kxg1 {[%clk 0:14:51]} axb5 {[%clk 0:04:23]} 45. a6
{[%clk 0:15:15]} Ra2 {[%clk 0:04:40]} 46. a7 {[%clk 0:15:22]} Nd4
{[%clk 0:04:55]} 47. Ne8 {[%clk 0:07:07]} Nf5 {[%clk 0:03:01]} 48. Kf1
{[%clk 0:03:44]} b4 {[%clk 0:03:13]} 49. h4 {[%clk 0:03:48]} b3 {[%clk 0:03:28]}
50. Nc7 {[%clk 0:04:07]} Nd6 {[%clk 0:03:39]} 51. Rxb3 {[%clk 0:04:25]} Rxa7
{[%clk 0:04:05]} 52. Rg3+ {[%clk 0:03:47]} Kh6 {[%clk 0:04:22]} 53. Ne6
{[%clk 0:02:52]} Nf5 {[%clk 0:04:45]} 54. Rf3 {[%clk 0:03:01]} Nxh4
{[%clk 0:05:01]} 55. Rf4 {[%clk 0:03:27]} Ng6 {[%clk 0:05:22]} 0-1

[Event "Figueira 2023"]
[Site "?"]
[Date "2023.11.09"]
[Round "6.7"]
[White "Davtyan, David Arm."]
[Black "Das, Sayantan"]
[Result "1/2-1/2"]
[BlackElo "2500"]
[WhiteElo "2362"]
[LiveChessVersion "1.4.8"]

1. e4 e6 2. d4 d5 3. Nc3 Nf6 4. Bg5 dxe4 5. Nxe4 Be7 6. Bxf6 gxf6 7. Nf3 a6 8. g3
b5 9. Bg2 Bb7 10. Qe2 Nd7 11. O-O-O Bd5 12. Nc3 c6 13. Nxd5 cxd5 14. Rhe1 Nb6 15.
Nh4 Rc8 16. Qh5 Qc7 17. Re2 Na4 18. Bxd5 Nc3 19. Bb3 Nxe2+ 20. Qxe2 Rd8 21. f4 f5
22. Nf3 O-O 23. Kb1 Bf6 24. c3 Qb6 25. Qd3 Qc7 26. Rg1 Kh8 27. Bc2 Rg8 28. Re1
Qb6 29. Nd2 b4 30. Kc1 a5 31. h3 Qc7 32. Rf1 a4 33. a3 bxa3 34. bxa3 Rc8 35. Nb1
Rgd8 36. g4 Rd5 37. gxf5 exf5 38. Rf3 Bg7 39. Kb2 Qd6 40. Bxa4 Qb6+ 41. Bb3 Rb5
42. Nd2 Rb8 43. Qc4 Qa6 44. Ka2 Qb7 1/2-1/2

[Event "Figueira 2023"]
[Site "?"]
[Date "2023.11.09"]
[Round "6.8"]
[White "Solodovnichenko, Yuri"]
[Black "Arpan, Das (Jr)"]
[Result "1/2-1/2"]
[BlackElo "2400"]
[WhiteElo "2490"]
[LiveChessVersion "1.4.8"]

1. e4 {[%clk 1:28:34]} c6 {[%clk 1:30:33]} 2. d4 {[%clk 1:28:39]} d5
{[%clk 1:30:57]} 3. e5 {[%clk 1:29:06]} c5 {[%clk 1:31:21]} 4. dxc5
{[%clk 1:29:32]} e6 {[%clk 1:31:47]} 5. Bd3 {[%clk 1:28:55]} Nc6 {[%clk 1:31:41]}
6. Nf3 {[%clk 1:28:01]} Bxc5 {[%clk 1:32:06]} 7. O-O {[%clk 1:27:55]} Nge7
{[%clk 1:32:28]} 8. a3 {[%clk 1:25:19]} a6 {[%clk 1:32:42]} 9. b4
{[%clk 1:24:46]} Ba7 {[%clk 1:33:09]} 10. Bb2 {[%clk 1:24:31]} Ng6
{[%clk 1:31:29]} 11. Nbd2 {[%clk 1:22:09]} Nf4 {[%clk 1:06:11]} 12. Nb3
{[%clk 1:21:40]} O-O {[%clk 1:06:21]} 13. Re1 {[%clk 1:18:27]} f6
{[%clk 0:43:40]} 14. exf6 {[%clk 1:11:40]} e5 {[%clk 0:40:09]} 15. fxg7
{[%clk 0:26:04]} Rf7 {[%clk 0:40:29]} 16. Rxe5 {[%clk 0:22:38]} Bg4
{[%clk 0:14:37]} 17. Ng5 {[%clk 0:14:29]} Qxg5 {[%clk 0:06:27]} 18. Rxg5
{[%clk 0:14:47]} Bxd1 {[%clk 0:06:55]} 19. Bxh7+ {[%clk 0:12:36]} Kxh7
{[%clk 0:07:24]} 20. Rxd1 {[%clk 0:12:59]} Bxf2+ {[%clk 0:04:00]} 21. Kh1
{[%clk 0:13:29]} d4 {[%clk 0:03:56]} 22. Nxd4 {[%clk 0:10:43]} Bxd4
{[%clk 0:00:36]} 23. Bxd4 {[%clk 0:11:11]} Rd7 {[%clk 0:00:53]} 24. Rf5
{[%clk 0:00:43]} Ne6 {[%clk 0:01:19]} 25. Rh5+ {[%clk 0:01:09]} Kg6 26. Rh6+
{[%clk 0:01:21]} Kxh6 {[%clk 0:01:42]} 27. Be3+ {[%clk 0:01:47]} Kxg7
{[%clk 0:01:25]} 28. Rxd7+ {[%clk 0:02:13]} Kf6 {[%clk 0:01:45]} 29. Rxb7
{[%clk 0:02:21]} Ne5 {[%clk 0:01:57]} 30. Ra7 {[%clk 0:00:33]} Rc8
{[%clk 0:00:34]} 31. Rxa6 {[%clk 0:00:49]} Rxc2 {[%clk 0:00:58]} 32. h3
{[%clk 0:01:12]} Nc4 {[%clk 0:01:06]} 33. Bd4+ {[%clk 0:00:56]} Kf7
{[%clk 0:01:34]} 34. Ra7+ {[%clk 0:00:43]} Kg6 {[%clk 0:01:49]} 35. Ra6
{[%clk 0:01:03]} Kf7 {[%clk 0:02:18]} 36. Ra7+ {[%clk 0:00:37]} Kg6
{[%clk 0:03:04]} 37. Ra6 {[%clk 0:01:02]} 1/2-1/2

[Event "Figueira 2023"]
[Site "?"]
[Date "2023.11.09"]
[Round "6.9"]
[White "Urazayev, Arystanbek"]
[Black "Romanishin, Oleg M"]
[Result "1-0"]
[BlackElo "2389"]
[WhiteElo "2478"]
[LiveChessVersion "1.4.8"]

1. e4 e5 2. Nf3 Nc6 3. Bb5 a6 4. Ba4 Nf6 5. Nc3 b5 6. Bb3 Be7 7. a4 b4 8. Nd5 O-O
9. Nxf6+ Bxf6 10. Bd5 Bb7 11. d3 d6 12. h4 Na5 13. Bxb7 Nxb7 14. b3 Nc5 15. Qe2
Ne6 16. Bb2 c5 17. O-O-O Qd7 18. Nd2 Rae8 19. Nc4 Bd8 20. Qf3 g6 21. h5 Nf4 22.
hxg6 fxg6 23. Kb1 Rf7 24. Qg3 Qe6 25. f3 Ne2 26. Qe1 Nf4 27. Ne3 Bf6 28. Qg1 Bg5
29. Nc4 Nh5 30. Qe1 Bf4 31. Rh3 Bg5 32. Qf2 Nf4 33. Rh2 Nh5 34. Rdh1 Ref8 35. Qe1
Bf4 36. Rh3 Bg5 37. Nb6 Nf4 38. R3h2 Bd8 39. Nc4 Nh5 40. Bc1 Re8 41. Ne3 Nf6 42.
Qg3 Rg7 43. Rh6 Rf8 44. Qh2 Qd7 45. Nc4 Re8 46. g4 Re6 47. Ne3 Ne8 48. Ng2 Rf6
49. f4 exf4 50. Nxf4 g5 51. Nd5 Rxh6 52. Qxh6 Rg6 53. Qh3 Nc7 54. Nb6 Qf7 55. Nc4
Be7 56. Ne3 Ne6 57. Nf5 Bf8 58. Rf1 Qd7 59. Qf3 Rf6 60. Bb2 Rf7 61. Qh3 Nf4 62.
Qh2 Qe6 63. Rh1 d5 64. exd5 Qxd5 65. Nh6+ Bxh6 66. Qxh6 Ne6 67. Re1 Nf8 68. Re5
Qd6 1-0

[Event "Figueira 2023"]
[Site "?"]
[Date "2023.11.09"]
[Round "6.10"]
[White "Barski, Radoslaw"]
[Black "Lewtak, Damian"]
[Result "1-0"]
[BlackElo "2356"]
[WhiteElo "2437"]
[LiveChessVersion "1.4.8"]

1. e4 {[%clk 1:30:57]} c5 {[%clk 1:30:56]} 2. Nf3 {[%clk 1:31:21]} d6
{[%clk 1:31:22]} 3. Bb5+ {[%clk 1:31:30]} Nd7 {[%clk 1:31:46]} 4. a4
{[%clk 1:31:10]} Ngf6 {[%clk 1:31:43]} 5. Nc3 {[%clk 1:31:33]} e5
{[%clk 1:30:51]} 6. d3 {[%clk 1:25:38]} g6 {[%clk 1:29:02]} 7. O-O
{[%clk 1:23:21]} Bg7 {[%clk 1:28:46]} 8. a5 {[%clk 1:13:11]} a6 {[%clk 1:26:42]}
9. Bc4 {[%clk 1:13:32]} O-O {[%clk 1:25:03]} 10. Bd2 {[%clk 1:03:22]} b5
{[%clk 1:24:51]} 11. axb6 {[%clk 0:56:47]} Nxb6 {[%clk 1:25:16]} 12. Bg5
{[%clk 0:49:34]} Nxc4 {[%clk 1:23:36]} 13. dxc4 {[%clk 0:48:27]} h6
{[%clk 1:23:57]} 14. Bxf6 {[%clk 0:47:49]} Bxf6 {[%clk 1:20:22]} 15. Qd3
{[%clk 0:46:15]} Rb8 {[%clk 1:17:46]} 16. b3 {[%clk 0:44:53]} Re8
{[%clk 1:10:11]} 17. Rfd1 {[%clk 0:41:15]} Be7 {[%clk 1:08:01]} 18. Nd5
{[%clk 0:37:39]} Bf8 {[%clk 1:07:51]} 19. Nd2 {[%clk 0:37:18]} Bg7
{[%clk 1:06:56]} 20. c3 {[%clk 0:35:17]} f5 {[%clk 1:05:27]} 21. b4
{[%clk 0:34:40]} cxb4 {[%clk 1:04:58]} 22. cxb4 {[%clk 0:34:38]} Rf8
{[%clk 1:04:26]} 23. f3 {[%clk 0:25:45]} Rf7 {[%clk 1:03:43]} 24. Rdc1
{[%clk 0:17:36]} h5 {[%clk 1:01:42]} 25. Rc2 {[%clk 0:14:43]} Bh6
{[%clk 0:55:39]} 26. c5 {[%clk 0:13:06]} dxc5 {[%clk 0:55:42]} 27. bxc5
{[%clk 0:13:30]} Rb5 {[%clk 0:52:25]} 28. Nc4 {[%clk 0:06:47]} Rfb7
{[%clk 0:40:10]} 29. Ncb6 {[%clk 0:04:57]} Bf8 {[%clk 0:40:04]} 30. Rac1
{[%clk 0:03:15]} Be6 {[%clk 0:39:15]} 31. Qe3 {[%clk 0:02:44]} Kh7
{[%clk 0:25:30]} 32. Rd1 {[%clk 0:00:46]} f4 {[%clk 0:18:36]} 33. Qc1
{[%clk 0:00:45]} Qb8 {[%clk 0:09:47]} 34. Kh1 {[%clk 0:00:32]} Bxd5
{[%clk 0:09:24]} 35. Nxd5 {[%clk 0:00:57]} Rb1 {[%clk 0:08:13]} 36. c6
{[%clk 0:00:53]} Rxc1 {[%clk 0:08:14]} 37. Rcxc1 {[%clk 0:01:19]} Rb2
{[%clk 0:06:02]} 38. c7 {[%clk 0:01:30]} Qc8 {[%clk 0:06:25]} 39. Nf6+
{[%clk 0:00:51]} Kh6 {[%clk 0:06:33]} 40. Rd8 {[%clk 0:30:44]} Rb8
{[%clk 0:31:14]} 41. Rxc8 {[%clk 0:24:15]} Rxc8 {[%clk 0:31:37]} 42. Nd5
{[%clk 0:19:27]} Bd6 {[%clk 0:32:01]} 43. Rc6 {[%clk 0:19:52]} Bxc7
{[%clk 0:32:27]} 44. h4 {[%clk 0:20:07]} a5 {[%clk 0:31:46]} 45. Ne7
{[%clk 0:17:41]} 1-0

[Event "Figueira 2023"]
[Site "?"]
[Date "2023.11.09"]
[Round "6.11"]
[White "Chitlange, Sakshi"]
[Black "Del Rio De Angelis, Salvador G."]
[Result "0-1"]
[BlackElo "2424"]
[WhiteElo "2224"]
[LiveChessVersion "1.4.8"]

1. d4 e6 2. Nf3 c5 3. c3 d5 4. Bf4 Bd6 5. e3 Bxf4 6. exf4 Qb6 7. Qb3 Nc6 8. Nbd2
Nge7 9. dxc5 Qxc5 10. Bd3 O-O 11. O-O a5 12. Qc2 h6 13. Nb3 Qd6 14. Qd2 b6 15. a4
f6 16. Nbd4 e5 17. Nxc6 Nxc6 18. Bb5 Ne7 19. fxe5 fxe5 20. Qe3 Ng6 21. Rfe1 Ra7
22. Rad1 Bg4 23. Be2 Nf4 24. c4 d4 25. Qe4 Re7 26. Bf1 Nh3+ 27. gxh3 Bxf3 0-1

[Event "Figueira 2023"]
[Site "?"]
[Date "2023.11.09"]
[Round "6.12"]
[White "Rajesh, V A V"]
[Black "Sidhant, Mohapatra"]
[Result "1/2-1/2"]
[BlackElo "2418"]
[WhiteElo "2310"]
[LiveChessVersion "1.4.8"]

1. d4 Nf6 {[%clk 1:29:52]} 2. c4 {[%clk 1:31:13]} e6 {[%clk 1:29:45]} 3. Nc3
{[%clk 1:31:28]} Bb4 {[%clk 1:30:05]} 4. e3 {[%clk 1:31:29]} O-O {[%clk 1:30:25]}
5. Bd3 {[%clk 1:31:53]} d5 {[%clk 1:30:43]} 6. Nf3 {[%clk 1:32:17]} dxc4
{[%clk 1:30:15]} 7. Bxc4 {[%clk 1:32:40]} c5 {[%clk 1:30:37]} 8. O-O
{[%clk 1:32:20]} cxd4 {[%clk 1:30:51]} 9. exd4 {[%clk 1:32:10]} b6
{[%clk 1:31:09]} 10. Bg5 {[%clk 1:31:16]} Bb7 {[%clk 1:29:03]} 11. Rc1
{[%clk 1:30:29]} h6 {[%clk 1:27:33]} 12. Bh4 {[%clk 1:30:30]} Nc6
{[%clk 1:25:24]} 13. a3 {[%clk 1:09:03]} Be7 {[%clk 1:20:59]} 14. Re1
{[%clk 0:59:06]} Nh5 {[%clk 1:11:23]} 15. d5 {[%clk 0:37:23]} exd5
{[%clk 1:00:56]} 16. Qxd5 {[%clk 0:35:55]} Qxd5 {[%clk 0:57:39]} 17. Nxd5
{[%clk 0:35:41]} Bxh4 {[%clk 0:55:51]} 18. Nxh4 {[%clk 0:36:04]} Rad8
{[%clk 0:44:18]} 19. Nf5 {[%clk 0:17:02]} Kh7 {[%clk 0:42:06]} 20. Ba2
{[%clk 0:11:31]} g6 {[%clk 0:41:49]} 21. Nfe3 {[%clk 0:11:54]} Kg7
{[%clk 0:41:04]} 22. b4 {[%clk 0:10:37]} Rc8 {[%clk 0:39:52]} 23. Rcd1
{[%clk 0:07:03]} Rcd8 {[%clk 0:39:56]} 24. g4 {[%clk 0:02:37]} Nf6
{[%clk 0:40:12]} 25. Nxf6 {[%clk 0:03:02]} Kxf6 {[%clk 0:40:38]} 26. Nd5+
{[%clk 0:03:14]} Kg7 {[%clk 0:41:04]} 27. b5 {[%clk 0:01:51]} Na5
{[%clk 0:40:50]} 28. h3 {[%clk 0:00:39]} Bxd5 {[%clk 0:39:14]} 29. Bxd5
{[%clk 0:00:49]} Rd7 {[%clk 0:39:40]} 30. Bg2 {[%clk 0:00:34]} Rfd8
{[%clk 0:39:57]} 31. Rxd7 {[%clk 0:00:54]} Rxd7 {[%clk 0:40:25]} 32. Re8
{[%clk 0:00:38]} 1/2-1/2

[Event "Figueira 2023"]
[Site "?"]
[Date "2023.11.09"]
[Round "6.13"]
[White "Olsen, Filip Boe"]
[Black "Kistrup, Nicolai"]
[Result "1-0"]
[BlackElo "2330"]
[WhiteElo "2416"]
[LiveChessVersion "1.4.8"]

1. d4 Nf6 2. c4 e6 3. Bf4 d5 4. cxd5 exd5 5. e3 Bb4+ 6. Nc3 O-O 7. Bd3 c5 8. dxc5
Nbd7 9. Nge2 Nxc5 10. O-O Bg4 11. Rc1 Bxc3 12. Rxc3 Nfe4 13. Bxe4 Nxe4 14. Rd3
Bxe2 15. Qxe2 Nc5 16. Rd2 Ne6 17. Be5 Qa5 18. a3 Rad8 19. Rfd1 Rfe8 20. Bc3 Qc5
21. Qh5 Qc6 22. Rxd5 Rxd5 23. Qxd5 Qb6 24. h3 Rd8 25. Qf3 Rxd1+ 26. Qxd1 Qc6 27.
Qh5 Qe4 28. Qb5 Qc6 29. Qe5 Qc8 30. h4 f6 31. Qd5 Qc6 32. Qxc6 bxc6 33. Kf1 Kf7
34. h5 f5 35. Ke2 g6 36. hxg6+ hxg6 37. Bd4 a6 38. Kd3 Ke7 39. Be5 Kd7 40. Kc4
Kc8 41. f3 Kd7 42. Bh2 Kc8 43. Kd3 Kd7 44. e4 Ke7 45. exf5 gxf5 46. Kc4 Kd7 47.
Be5 Kc8 48. g4 fxg4 49. fxg4 Kd7 50. Bg3 Kc8 51. Bd6 Kd7 52. Be5 Kc8 53. Kd3 Kd7
54. Ke4 Ke7 55. Kf5 Kf7 56. g5 Nf8 57. b4 Ng6 58. Bf6 Nh4+ 59. Ke5 Nf3+ 60. Kd6
Nd2 61. Kxc6 1-0